Score 0/18 Timer 02:30
0 Plays Today
% Correct
Amen
94.9%
Mercury
93.7%
Chaos
93.6%
Atlas
93.2%
Maui
93.1%
Nun
92.5%
Aura
92.3%
Bat
91.9%
Venus
91.6%
% Correct
Mut
90.7%
Vulcan
88.3%
Nut
87.4%
Heh
87.2%
Set
84.2%
Sol
71.1%
Metis
69.8%
Ra
68.9%
Mars
59.2%
Remove Ads.
Support Sporcle.
Get the best of Sporcle when you Go Orange. This ad-free experience offers more features, more stats, and more fun while also helping to support Sporcle. Thank you for becoming a member.

You're not logged in!

Compare scores with friends on all Sporcle quizzes.
OR
Log In

Show Comments

Extras

Top Quizzes Today


Score Distribution

Your Account Isn't Verified!

In order to create a playlist on Sporcle, you need to verify the email address you used during registration. Go to your Sporcle Settings to finish the process.

Report this User

Report this user for behavior that violates our Community Guidelines.

Details: